| 000 | 00698nam a2200181Ia 4500 | ||
|---|---|---|---|
| 003 | GCL | ||
| 008 | 140319s9999 xx 000 0 ara d | ||
| 040 |
_aGCL / _cGCL |
||
| 082 | 0 | 4 |
_a155.418 _bع س |
| 100 | 1 | _aعبدالفتاح محمد دويدار | |
| 245 | 1 | 0 |
_aسيكلوجية السلوك الانسانى : _bالاتصال الجمعى والعلاقات العامة / _cعبدالفتاح محمد دويدار |
| 260 |
_aبيروت : _bدار النهضة العربية ، _c1995 |
||
| 300 |
_a333 ص ؛ _c23 سم |
||
| 650 | 0 | 4 | _aالسلوك الاجتماعى |
| 650 | 0 | 4 | _aعلم النفس الاجتماعى |
| 650 | 0 | 4 | _aعلم النفس السلوكى |
| 942 |
_2ddc _cBK |
||
| 999 |
_c37621 _d37621 |
||